[Event "Piestany Open 2013"]
[Site "Piestany SVK"]
[Date "2013.11.20"]
[Round "4.6"]
[White "Miciak,E"]
[Black "Jablonicky,F"]
[Result "0-1"]
[WhiteElo "1896"]
[BlackElo "2173"]

1.d4 f5 2.g3 Nf6 3.Bg2 g6 4.Nf3 Bg7 5.c4 O-O 6.O-O d6 7.Nc3 Qe8 8.b3 c5 9.Bb2 Na6
10.d5 Nc7 11.Qc2 b5 12.e3 Rb8 13.Rab1 Bd7 14.Rfe1 h6 15.Nh4 b4 16.Ne2 Qf7
17.f4 Ng4 18.Qd3 Bxb2 19.Rxb2 g5 20.Nf3 Qg7 21.Rbb1 Nf6 22.Nd2 Be8 23.Rf1 Bg6
24.Rbe1 Qh7 25.Nc1 Rf7 26.e4 fxe4 27.Bxe4 Nxe4 28.Nxe4 Rbf8 29.Qe3 Ne8 30.Nd2 gxf4
31.Rxf4 Rxf4 32.gxf4 Rf7 33.Kh1 Bf5 34.Ne2 Nf6 35.Ng3 Rg7 36.Nf3 Bd7 37.Nh4 Qc2
38.Re2 Qb1+ 39.Kg2 a5 40.Qd2 Nh5 41.Rf2 Qe4+ 42.Rf3 Nxg3 43.hxg3 Bg4 44.Qe2 Qxe2+  0-1

[Event "ch-VIE w 2013"]
[Site "Ho Chi Minh City VIE"]
[Date "2013.11.23"]
[Round "7.3"]
[White "Ngo Thi Kim Tuyen"]
[Black "Pham Bich Ngoc"]
[Result "0-1"]
[WhiteElo "2079"]
[BlackElo "2184"]

1.Nf3 f5 2.d4 Nf6 3.c4 g6 4.g3 Bg7 5.Bg2 O-O 6.O-O d6 7.Nc3 Nc6 8.d5 Nb8
9.Nd4 Qe8 10.Rb1 c5 11.dxc6 Nxc6 12.Nxc6 bxc6 13.b4 Bd7 14.a4 Rc8 15.Qd3 Be6
16.c5 d5 17.Qa6 d4 18.Nd1 Ne4 19.b5 Bc4 20.Qxa7 cxb5 21.axb5 Bxb5 22.Qa5 Bc4
23.Rb7 Rxc5 24.Qa7 Re5 25.Re1 Nd6 26.Rb4 Kh8 27.Bb2 Nb5 28.Qa4 Rxe2 29.Rf1 Bd3
30.Qb3 Rd2 31.Re1 Bc2 32.Qd5 Nc3  0-1

[Event "UT Dallas IM Inv 2013"]
[Site "Dallas USA"]
[Date "2013.11.24"]
[Round "6.3"]
[White "Moon,R"]
[Black "Lenderman,A"]
[Result "0-1"]
[WhiteElo "2149"]
[BlackElo "2537"]

1.d4 f5 2.c4 Nf6 3.Nf3 g6 4.g3 Bg7 5.Bg2 O-O 6.O-O d6 7.Nc3 c6 8.d5 e5 9.b4 cxd5
10.cxd5 Na6 11.Qb3 Qe7 12.a4 Bd7 13.Nd2 Bh6 14.Nc4 Bxc1 15.Raxc1 Kg7 16.Nb5 Bxb5
17.axb5 Nc7 18.b6 axb6 19.Nxb6 Ra6 20.Qc4 Rf7 21.Nc8 Qd7 22.b5 Qxb5 23.Qxb5 Nxb5
24.Rb1 Nc3 25.Rb2 Rc7 26.Nb6 Nxe2+  0-1

[Event "XXVII Belgrade Trophy"]
[Site "Obrenovac SRB"]
[Date "2013.11.28"]
[Round "5.17"]
[White "Pantelic,Sa"]
[Black "Stojkovic,NZ"]
[Result "0-1"]
[WhiteElo "2313"]
[BlackElo "2104"]

1.d4 f5 2.Nf3 Nf6 3.g3 g6 4.Bg2 Bg7 5.O-O O-O 6.c4 d6 7.Nc3 Nc6 8.d5 Ne5
9.Qc2 Bd7 10.b3 Qe8 11.Bb2 h6 12.Rfe1 g5 13.Nb5 Qh5 14.Nxc7 f4 15.Ne6 Bxe6
16.dxe6 Nfg4 17.h3 fxg3 18.hxg4 gxf2+ 19.Kxf2 Nxg4+ 20.Kg1 Ne3 21.Qe4 Nxg2
22.Kxg2 g4 23.Bxg7 gxf3+ 24.exf3 Kxg7  0-1

[Event "XXVII Belgrade Trophy"]
[Site "Obrenovac SRB"]
[Date "2013.11.29"]
[Round "6.16"]
[White "Nenezic,M"]
[Black "Orlov,Pa"]
[Result "1/2-1/2"]
[WhiteElo "2417"]
[BlackElo "2237"]

1.d4 f5 2.g3 Nf6 3.Bg2 g6 4.Nf3 Bg7 5.c4 O-O 6.O-O d6 7.Nc3 Nc6 8.d5 Na5
9.Qa4 c5 10.dxc6 bxc6 11.c5 dxc5 12.Ne5 Be6 13.Nxc6 Nxc6 14.Qxc6 Qb6 15.Qxb6 axb6
16.Bxa8 Rxa8 17.a4 h6 18.Bd2 Ne8 19.a5 bxa5 20.Na4 c4 21.Rfb1 Kf7 22.Nc5 Rb8
23.Bc3 Bd5 24.Rd1 Bxc3 25.bxc3 Rb5 26.Rxd5 Nf6 27.Rd4 Rxc5 28.Ra4 Rb5 29.Raxc4 Rb2
30.Kf1 Rb1+ 31.Kg2 Rb2 32.Kf3 Ng4 33.Rxg4 fxg4+ 34.Rxg4 Rb3 35.Rc4 a4 36.Rxa4 Rxc3+
37.e3 Rc2 38.g4 Rb2 39.Ra6 Rb1 40.Ra5 Rb6 41.h4 Rc6 42.Kg3 Re6 43.Ra3 Re5
44.f4 Rb5 45.Ra4 Rc5 46.Re4 Kf6 47.Ra4 Kf7 48.Kf3 Rb5 49.Ke4 h5 50.g5 Ke6
51.Ra6+ Kf7 52.Kf3 Rb1 53.Ra5 Rg1 54.f5 Rg4 55.e4 Rxh4 56.Ra6 gxf5 57.exf5 Rg4
58.g6+ Kf8 59.Re6 Ra4 60.Re4 Rxe4 61.Kxe4 Kg7 62.Ke5 h4 63.Kf4 h3 64.Kg3 e6
65.fxe6 Kxg6 66.Kxh3 Kf6 67.e7 Kxe7  1/2-1/2

[Event "XXVII Belgrade Trophy"]
[Site "Obrenovac SRB"]
[Date "2013.12.01"]
[Round "8.11"]
[White "Nenezic,M"]
[Black "Stojkovic,NZ"]
[Result "1-0"]
[WhiteElo "2417"]
[BlackElo "2104"]

1.Nf3 g6 2.c4 f5 3.d4 Nf6 4.g3 Bg7 5.Bg2 O-O 6.O-O d6 7.Nc3 Nc6 8.d5 Ne5
9.Qb3 h6 10.Nd4 g5 11.e3 Nd3 12.Qc2 Nxc1 13.Nxf5 Bxf5 14.Qxf5 Nxa2 15.Rxa2 a6
16.Ne2 Nd7 17.Qc2 a5 18.Nd4 Nc5 19.Bh3 Qe8 20.Ne6 Nxe6 21.Bxe6+ Kh8 22.Qe4 b6
23.Kg2 Rf6 24.g4 Qg6 25.Bf5 Rxf5 26.gxf5 Qh5 27.f3 Be5 28.h3 Rg8 29.Rh1 Qh4
30.Qxh4 gxh4+ 31.Kf1 Rg3 32.Kf2 Bf6 33.b3 Bg7 34.f4 Kg8 35.Rc2 Kf7 36.Rcc1 Kf6
37.Rcg1 Kxf5 38.Rxg3 hxg3+ 39.Kf3 h5 40.e4+ Kg6 41.Kxg3 Bf6 42.Kf3 Kf7 43.Rg1 Bh4
44.Rg5 Bxg5 45.fxg5 e5 46.h4  1-0

[Event "TCh-NED Meesterklasse 2013-14"]
[Site "Netherland NED"]
[Date "2013.12.07"]
[Round "3.8"]
[White "Van der Stricht,G"]
[Black "Van Blitterswijk,S"]
[Result "1/2-1/2"]
[WhiteElo "2371"]
[BlackElo "2373"]

1.d4 f5 2.g3 Nf6 3.Bg2 g6 4.Nf3 Bg7 5.O-O O-O 6.c4 d6 7.Nc3 c6 8.Rb1 Na6
9.b4 Nc7 10.Qb3 Bd7 11.Rd1 Rc8 12.a4 Qe8 13.b5 h6 14.d5 cxd5 15.cxd5 g5 16.Be3 Qh5
17.Bxa7 f4 18.Bd4 Bh3 19.Rbc1 Nce8 20.Nb1 Rxc1 21.Rxc1 Ng4 22.Bxg7 Nxg7 23.Nbd2 Nxf2
24.Kxf2 g4 25.gxf4 gxf3 26.Nxf3 Rxf4 27.Qe3 Qh4+ 28.Kf1 Nf5 29.Rc8+ Kh7 30.Qc3 Nd4
31.Re8 Bxg2+ 32.Kxg2 Qf6 33.Rb8 Nxf3 34.Qxf6 Ne1+ 35.Kg3 Rxf6 36.Rxb7 Nc2
37.a5 Nd4 38.a6 Nxe2+ 39.Kg4 Kg6 40.a7 h5+ 41.Kh3 Rf3+ 42.Kg2 Ra3 43.Rxe7 Nf4+
44.Kf2 Nxd5 45.Re6+ Kf5 46.Rxd6 Ra2+ 47.Kf3 Ra3+ 48.Kf2 Ra2+ 49.Kf3 Ra3+  1/2-1/2

[Event "52nd TCh-DEN XtraCon 2013-14"]
[Site "Denmark DEN"]
[Date "2013.12.08"]
[Round "3.1"]
[White "Teplyi,I"]
[Black "Skytte,R"]
[Result "1/2-1/2"]
[WhiteElo "2386"]
[BlackElo "2418"]

1.Nf3 g6 2.d4 Bg7 3.c4 f5 4.g3 Nf6 5.Bg2 O-O 6.O-O d6 7.Nc3 c6 8.Rb1 a5 9.d5 e5
10.dxe6 Bxe6 11.b3 Na6 12.Bb2 Nc5 13.Qc2 Qe7 14.Nd4 Bf7 15.Rbd1 Rfe8 16.Rfe1 Nce4
17.Nxe4 Nxe4 18.e3 d5 19.c5 h5 20.Rc1 h4 21.f3 Nf6 22.gxh4 Nh5 23.f4 Qxh4
24.Nf3 Qe7 25.Ne5 Nf6 26.Bf3 Nd7 27.Nd3 Bf6 28.Bd4 Kg7 29.Qb2 Rh8 30.Rc2 Rh3
31.Bg2 Rh4 32.Ree2 Rah8 33.h3 Re8 34.Qc3 Bxd4 35.Qxd4+ Qf6 36.a3 g5 37.Qxf6+ Kxf6
38.Kf2  1/2-1/2

[Event "51st Groningen Open A 2013"]
[Site "Groningen NED"]
[Date "2013.12.22"]
[Round "2.22"]
[White "Ernst,S"]
[Black "Offringa,Joo"]
[Result "1/2-1/2"]
[WhiteElo "2566"]
[BlackElo "2178"]

1.d4 f5 2.g3 g6 3.Bg2 Nf6 4.Nf3 Bg7 5.O-O O-O 6.c4 d6 7.Nc3 c6 8.d5 Bd7 9.Be3 Na6
10.a3 Ng4 11.Bg5 h6 12.Bd2 e5 13.dxe6 Bxe6 14.b3 Nc5 15.Rc1 Ne4 16.Be1 d5
17.cxd5 Nxc3 18.Bxc3 Bxd5 19.Bxg7 Kxg7 20.Nd4 Re8 21.Rc2 Bxg2 22.Kxg2 Qd5+
23.Kg1 Nf6 24.Qa1 Rad8 25.e3 Kf7 26.b4 Ne4 27.f3 Ng5 28.Rc5 Qd6 29.Qa2+ Kf8
30.Rc3 Ne6 31.Nb3 Nc7 32.Nc5 Qd2 33.Qxd2 Rxd2 34.e4 Nb5 35.Re3 Re7 36.Rf2 Rxf2
37.Kxf2 fxe4 38.Nxe4 Rd7 39.g4 Rd1 40.Nc5 b6 41.Nd3 Rd2+ 42.Kg3 Nd4 43.Nf4 Kf7
44.Rd3 Rxd3 45.Nxd3 Ke6 46.h4 a5 47.bxa5 bxa5 48.a4 Ne2+ 49.Kf2 Nc3 50.Nb2 Ke5
51.Ke3 Nd5+ 52.Kd2 Kd4 53.Nd3 c5 54.Nc1 Nf4 55.Nb3+ Kc4 56.Nxa5+ Kb4 57.Nb7 c4
58.Nd6 c3+ 59.Kc2 Ng2 60.Ne4 Ne1+ 61.Kc1 Nxf3 62.a5 Kxa5 63.Nxc3 Nxh4 64.Kd2  1/2-1/2

[Event "51st Groningen Open A 2013"]
[Site "Groningen NED"]
[Date "2013.12.24"]
[Round "4.50"]
[White "Gerlagh,Joris"]
[Black "Zojer,T"]
[Result "1/2-1/2"]
[WhiteElo "2032"]
[BlackElo "2117"]

1.d4 f5 2.Nf3 Nf6 3.g3 g6 4.Bg2 Bg7 5.O-O O-O 6.c4 d6 7.Nc3 Qe8 8.d5 h6 9.Nd4 Na6
10.Rb1 Nc5 11.b4 e5 12.bxc5 exd4 13.Nb5 Qe7 14.cxd6 cxd6 15.Ba3 Rd8 16.Nxd4 Ne4
17.Qd3 h5 18.Ne6 Bxe6 19.dxe6 Qxe6 20.Rxb7 Rac8 21.Rxa7 Rxc4 22.e3 Rc3 23.Qb5 Rdc8
24.Bxe4 fxe4 25.Bb2 R3c7 26.Rxc7 Rxc7 27.Bxg7 Kxg7 28.a4 h4 29.h3 Qxh3 30.Qg5 hxg3
31.fxg3 Rc5 32.Qf6+ Kh7 33.Qxd6 Rf5 34.Rxf5 Qxf5 35.Qc7+ Kg8 36.a5 Qf3 37.Qf4 Qd1+
38.Qf1 Qd2 39.Qc4+ Kh7 40.Qf7+ Kh6 41.Qf8+ Kh7 42.Qe7+ Kh6 43.Qxe4 Qxa5 44.Qf4+ g5
45.Qf6+ Kh5 46.Qf3+ Kh6 47.g4 Qa1+ 48.Kg2 Qb2+ 49.Kh3 Qe5 50.Qc6+ Kg7 51.Qd7+ Kg6
52.Qd3+ Kf6 53.Kg2 Ke6 54.Qg6+ Ke7 55.Kf3 Qb5 56.Qf5 Qf1+  1/2-1/2

[Event "51st Groningen Open A 2013"]
[Site "Groningen NED"]
[Date "2013.12.26"]
[Round "5.28"]
[White "Minko,V"]
[Black "Offringa,Joo"]
[Result "1/2-1/2"]
[WhiteElo "2327"]
[BlackElo "2178"]

1.d4 f5 2.Nf3 Nf6 3.g3 g6 4.Bg2 Bg7 5.O-O O-O 6.c4 d6 7.Nc3 c6 8.b3 Qa5 9.Bb2 e5
10.dxe5 dxe5 11.e4 f4 12.Qd6 fxg3 13.hxg3 Na6 14.Qxe5 Nd5 15.Qxg7+ Kxg7 16.Nxd5+ Kh6
17.Bc1+ Kg7 18.Bb2+ Kh6  1/2-1/2

[Event "Cracovia Open A 2013-14"]
[Site "Krakow POL"]
[Date "2013.12.29"]
[Round "3.1"]
[White "Klekowski,M"]
[Black "Bernadskiy,V"]
[Result "0-1"]
[WhiteElo "2402"]
[BlackElo "2561"]

1.c4 f5 2.Nf3 Nf6 3.g3 g6 4.Bg2 Bg7 5.O-O O-O 6.d4 d6 7.Nc3 c6 8.Qb3 Na6
9.Re1 Kh8 10.e4 fxe4 11.Nxe4 Nxe4 12.Rxe4 e5 13.Bg5 Qc7 14.Rae1 Bf5 15.Rh4 exd4
16.Nxd4 Nc5 17.Qd1 Be5 18.Bh6 Rf7 19.Nxf5 gxf5 20.b4 Nd7 21.f4 Bc3 22.Re6 Nf6
23.Qd3 Qb6+ 24.Kh1 Qxb4 25.h3 Re8 26.Rxe8+ Nxe8 27.Kh2 Ng7 28.Qe2 Bf6 29.Bxg7+ Kxg7
30.Rh5 Qc5 31.Qc2 Bd4 32.g4 Be3 33.gxf5 Bxf4+ 34.Kh1 Qe3 35.Qd1 Kf6 36.Rh4 Qg3
37.Qd4+ Be5 38.Rh6+ Kg7  0-1

[Event "26th Staufer-Open A 2014"]
[Site "Schwaebisch Gmuend GER"]
[Date "2014.01.05"]
[Round "7.13"]
[White "Ott,Florian"]
[Black "Wiley,To"]
[Result "1/2-1/2"]
[WhiteElo "2114"]
[BlackElo "2268"]

1.Nf3 f5 2.g3 Nf6 3.Bg2 g6 4.O-O Bg7 5.d4 O-O 6.c4 d6 7.Nc3 c6 8.Rb1 Kh8
9.b4 Nbd7 10.c5 e5 11.dxe5 dxe5 12.e4 Nxe4 13.Nxe4 fxe4 14.Ng5 Qe7 15.Nxe4 Nf6
16.Bg5 Bf5 17.Rb3 Qc7 18.Qd6 Ne8 19.Qxc7 Nxc7 20.Nd6 Be6 21.Rb2 e4 22.Re2 a5
23.a3 axb4 24.axb4 Ra4 25.Rxe4 Bd5 26.Re7 Bxg2 27.Kxg2 Nd5 28.Rxb7 Rxb4 29.Rxb4 Nxb4
30.Be7 Ra8 31.Rb1 Nd5 32.Rb7 Bd4 33.Nf7+ Kg8 34.Bd6 Ra2 35.Nh6+ Kh8 36.Be5+ Bxe5
37.Nf7+ Kg8 38.Nxe5 Rc2 39.Nd7 h5 40.h4 Kf7 41.Nb6+ Ke6 42.Nxd5 cxd5 43.Rg7 Kf6
44.Rc7 Ke5 45.c6 Kd4 46.Rc8 Kd3 47.c7 d4 48.Kf3 Rc5 49.g4 hxg4+ 50.Kxg4 Kc3
51.f4  1/2-1/2

[Event "2nd Gurgaon Open 2014"]
[Site "Gurgaon IND"]
[Date "2014.01.06"]
[Round "8.3"]
[White "Barbosa,O PHI"]
[Black "Grover,S"]
[Result "1/2-1/2"]
[WhiteElo "2579"]
[BlackElo "2478"]

1.d4 f5 2.Nf3 Nf6 3.c4 g6 4.g3 Bg7 5.Bg2 O-O 6.O-O d6 7.Nc3 c6 8.Rb1 a5 9.d5 e5
10.dxe6 Bxe6 11.b3 Na6 12.Bf4 Nh5 13.Bg5 Qd7 14.Qd2 f4 15.Bxf4 Nxf4 16.gxf4 Bxc3
17.Qxc3 Rxf4 18.Nd4 Raf8 19.Rbd1 Nc5 20.f3 Bh3 21.Rf2 Bxg2 22.Rxg2 Qg7 23.Qd2 Qe5
24.Nc2 a4 25.b4 Ne6 26.Qxd6 Qxd6 27.Rxd6 Rxc4 28.Rd2 Rd8 29.e3 Kf7 30.Kf1 Ke7
31.Ke1 g5 32.Rg4 Rxd2 33.Kxd2 Rxg4 34.fxg4 Kd6 35.Kd3 Kd5 36.Na3 b5 37.Nb1 Ke5
38.Nc3 c5 39.Nxb5 cxb4 40.Kc4 b3 41.axb3 axb3 42.Kxb3 Ke4 43.Kc4 Kxe3 44.Kd5 Kf4
45.Kxe6 Kxg4 46.Nd4 Kh3 47.Kf5 g4 48.Kg5 h5 49.Kxh5 Kxh2 50.Kxg4  1/2-1/2